¿Cambios en la Iglesia? : sí : algunos convenientes, otros necesarios, pero nunca en lo esencial /

Enregistré dans:
Détails bibliographiques
Auteur principal: Olmedo Cotilla, Daniel (autor)
Format: Livre
Langue:espagnol
Publié: México : editorial no identificada, fecha no identificada
Tags: Ajouter un tag
Pas de tags, Soyez le premier à ajouter un tag!

MARC

LEADER 00000nam^a2200000^a^4500
001 000568001
005 20250521000000.0
009 20260310132138.388
037 |a Acervo Xavier Clavigero 
041 |a ESP 
091 |a FPA. 02106 
100 |a Olmedo Cotilla, Daniel  |e (autor) 
245 1 0 |a ¿Cambios en la Iglesia? :  |b sí : algunos convenientes, otros necesarios, pero nunca en lo esencial / 
264 1 |a México :  |b editorial no identificada,  |c fecha no identificada 
300 |a p. 125-158 
336 |a texto  |b txt  |2 rdacontenido 
337 |a sin mediación  |b n  |2 rdamedio 
338 |a volumen  |b nc  |2 rdasoporte 
649 |a XX 
910 |a Fondo José Ignacio Palencia Gómez S.J. 
920 |a Impresos - Libros 
930 |a Fondos Especiales 
905 |a 137 
901 |a 0500360573  |b IT2  |c ESL  |i D  |u 20250521 
902 |a https://opac.biblio.iteso.mx/vufind/Record/000568001